ललमुनियाँ की दुनिया/ (Record no. 204207)

MARC details
000 -LEADER
fixed length control field 00786nam a22001937a 4500
005 - DATE AND TIME OF LATEST TRANSACTION
control field 20240726114348.0
010 ## - LCCN (DPL NO)
LC control number HIN-128005
020 ## - INTERNATIONAL STANDARD BOOK NUMBER
Terms of availability 175.00
International Standard Book Number 9788187770077
035 ## - SYSTEM CONTROL NUMBER
System control number HN-100351
037 ## - SOURCE OF ACQUISITION
Source of stock number/acquisition DBAD
082 ## - DEWEY DECIMAL CLASSIFICATION NUMBER
Classification number 821
100 ## - MAIN ENTRY--PERSONAL NAME
Personal name शुक्ल, दिनेश कुमार
245 ## - TITLE STATEMENT
Title ललमुनियाँ की दुनिया/
Statement of responsibility, etc दिनेश कुमार शुक्ल
260 ## - PUBLICATION, DISTRIBUTION, ETC. (IMPRINT)
Place of publication, distribution, etc इलाहबाद
Name of publisher, distributor, etc अनामिका प्रकाशन
Date of publication, distribution, etc 2008
270 ## - ADDRESS
Address 52, तुलारामबाग
City इलाहाबाद
Telephone number 0532-2505090
-- 9415347186
300 ## - PHYSICAL DESCRIPTION
Extent 104 पृ.
Dimensions 22 सेमी. (सजिल्द)
650 ## - SUBJECT ADDED ENTRY--TOPICAL TERM
Topical term or geographic name as entry element हिन्दी
942 ## - ADDED ENTRY ELEMENTS (KOHA)
Source of classification or shelving scheme Dewey Decimal Classification
Item type Hindi Books
Classification part 821
Call number suffix शुक्लदि
Holdings
Withdrawn status Lost status Not for loan Collection code Home library Current library Date acquired Source of acquisition Cost, normal purchase price Full call number Barcode Copy number Cost, replacement price Koha item type
      Non-fiction New Police Line New Police Line 19/07/2024 DBAD 175.00 821 शुक्लदि HN-100351 1 175.00 Hindi Books

© Delhi Public Library
Hit Counter
free hit counter